Scandinavian Bands - Sudden Death - Statistics

General Stats
  • This quiz has been taken 421 times
    42 since last reset
  • The average score is 8 of 20
Answers on the Grid
Answers color-coded by a green-red scale on the quiz's grid according to % correct below.
ABBA
Nautilus Pompilius
A-ha
Aria
Zoopark
The Cardigans
Okean Elzy
Children of Bodom
Parason
The Rasmus
Voo Voo
Republika
Lady Pank
Mumiy Troll
Mayhem
Leningrad
Brainstorm
Europe
Antis
Korben Dallas
Alisa
Gorky Park
Lordi
Sabaton
Ace of Base
Smak
The Hives
Kerber
Katatonia
Azra
Volbeat
Aqua
Ghost
HIM
Zveri
Hanoi Rocks
Army of Lovers
Rednex
Blind Channel
 
Answer Stats
Answer % Correct
ABBA
95%
A-ha
70%
Ace of Base
68%
Aqua
63%
Europe
55%
Rednex
45%
Children of Bodom
43%
Lordi
43%
Sabaton
40%
The Rasmus
38%
HIM
35%
Ghost
33%
The Cardigans
33%
Mayhem
28%
Volbeat
28%
The Hives
20%
Hanoi Rocks
18%
Army of Lovers
15%
Blind Channel
15%
Katatonia
10%
No matching quizzes found
Score Distribution
Percent of People with Each Score
Percentile by Number Answered
Your Score History
You have not taken this quiz since the last reset